| 000 | 00628nam a2200265Ia 4500 | ||
|---|---|---|---|
| 003 | OSt | ||
| 005 | 20221006144325.0 | ||
| 006 | a|||||r|||| 00| 0 | ||
| 007 | ta | ||
| 008 | 221006b |||||||| |||| 00| 0 eng d | ||
| 020 | _c6.00 | ||
| 024 | _a11,420 | ||
| 037 | _cTextual | ||
| 040 |
_aEASL _cEASL _beng |
||
| 041 |
_2eng _aeng |
||
| 082 | _aU8.2.A, J9 | ||
| 100 |
_aBAGCHI Prabodh Chandra _937965 |
||
| 245 | 0 | _aShe kia fang che | |
| 260 | _c1959 | ||
| 300 |
_a151p. _ccm. |
||
| 490 | _v CEL | ||
| 650 | _aCEL | ||
| 942 |
_hU8.2.A, J9 _cTEXL _2CC |
||
| 999 |
_c1079506 _d1079506 |
||